Quali edifici storici visitare a Londra - Statistics

Statistiche generali
  • Questo quiz è stato fatto 21 volte
  • Il punteggio medio è 1 su 5
Statistiche sulle risposte
Risposta % Corretto
Buckingham Palace
72%
Tower Bridge
50%
Abbazia di Westminster
11%
Cattedrale di St Paul
11%
Grande Ben
0%
Nessun quiz corrispondente trovato
Distribuzione punteggi
Percentuale di utenti per punteggio
Percentile per numero di risposta
I tuoi punteggi nel tempo
Non hai fatto questo quiz